Statistics for Страны, граничащие с Австрией

Click here to take the quiz!

General Stats

  • This quiz has been taken 889 times
  • The average score is 7 of 8

Answer Stats

ПоложениеОтвет% Correct
Северо-западГермания
99%
СеверЧешская Республика
94%
ЗападШвейцария
94%
СеверовостокСловакия
91%
Юго-ВостокСловения
90%
ВостокВенгрия
89%
ЮгИталия
87%
ЗападЛихтенштейн
78%

Score Distribution

Percentile by Number Answered

Percent of People with Each Score

Your Score History

You have not taken this quiz